| 000 | 00844nam a22002533a 4500 | ||
|---|---|---|---|
| 003 | MX-MxUPN | ||
| 005 | 20240820151050.0 | ||
| 008 | 010802s1920 mx fr 000 0 spa d | ||
| 035 | _aUPN01000110475 | ||
| 040 |
_aMX-MxUPN _bspa _cMX-MxUPN |
||
| 041 |
_aspa _aeng |
||
| 050 | 4 |
_aPE1129 _bN6.2 |
|
| 100 | 1 |
_aNerthcliffe-Seide, J. _953120 |
|
| 245 | 1 | 0 |
_aArreglo sencillo de los verbos inglés-español y conversación = _bEasy arrangement of english-spanish verbs and conversation |
| 246 | 1 | 1 | _aEasy arrangement of english-spanish verbs and conversation |
| 260 |
_aMéxico, D.F. : _bAmerican Book and Printing, _c1920. |
||
| 300 | _a95, 175 páginas | ||
| 650 | 1 | 4 |
_aInglés _xEstudio y enseñanza _918 |
| 650 | 2 | 2 |
_aEstudiantes extranjeros _923933 |
| 901 | _a123581 | ||
| 902 | _aMMA/cav | ||
| 905 | _aLibro | ||
| 942 |
_2lcc _cLIBRO _n0 |
||
| 999 |
_c84384 _d84384 |
||